[Event "Oberbayern Bezirksliga 1718"]
[Site "Germany"]
[Date "2018.04.15"]
[Round "9.5"]
[White "Kell, Stefan"]
[Black "Baier, Herbert"]
[Result "1-0"]
[WhiteElo "1950"]
[BlackElo "1919"]
[PlyCount "47"]
[EventDate "2017.10.22"]
[EventType "team-tourn"]
[EventRounds "9"]
[EventCountry "GER"]
[SourceTitle "EXT 2019"]
[Source "ChessBase"]
[SourceDate "2018.10.10"]
[SourceVersion "1"]
[SourceVersionDate "2018.10.10"]
[SourceQuality "1"]
[WhiteTeam "Pang/Rosenheim II"]
[BlackTeam "Fuerstenfeldbruck"]
[WhiteTeamCountry "GER"]
[BlackTeamCountry "GER"]

1. d4 f5 2. Bg5 Nf6 3. Nc3 d5 4. e3 e6 5. h4 Be7 6. Nh3 c6 7. Be2 0-0 8. Qd2 Ne4 9. Nxe4 fxe4 10. 0-0-0 e5 11. g4 exd4 12. Qxd4 Bf6 13. Bxf6 Qxf6 14. Nf4 Qxd4 15. Rxd4 Nd7 16. c4 dxc4 17. Bxc4+ Kh8 18. h5 Ne5 19. Ng6+ Nxg6 20. hxg6 h6 21. Rxe4 Bd7 22. Re7 Bxg4 23. Rxh6+ gxh6 24. Rh7# 1-0

[Event "Oberbayern Bezirksliga 1718"]
[Site "Germany"]
[Date "2018.03.18"]
[Round "8.7"]
[White "Kell, Stefan"]
[Black "Wetzel, Benjamin"]
[Result "1-0"]
[WhiteElo "1950"]
[BlackElo "1838"]
[PlyCount "67"]
[EventDate "2017.10.22"]
[EventType "team-tourn"]
[EventRounds "9"]
[EventCountry "GER"]
[SourceTitle "EXT 2019"]
[Source "ChessBase"]
[SourceDate "2018.10.10"]
[SourceVersion "1"]
[SourceVersionDate "2018.10.10"]
[SourceQuality "1"]
[WhiteTeam "Pang/Rosenheim II"]
[BlackTeam "Starnberg II"]
[WhiteTeamCountry "GER"]
[BlackTeamCountry "GER"]

1. d4 d5 2. c4 e6 3. Nc3 Nf6 4. Bg5 Be7 5. e3 0-0 6. Nf3 b6 7. cxd5 exd5 8. Bd3 Ba6 9. 0-0 Bxd3 10. Qxd3 h6 11. Bf4 c6 12. Rfd1 Nbd7 13. h3 b5 14. Ne5 Nxe5 15. dxe5 Nd7 16. e4 Nc5 17. Qe3 b4 18. Nxd5 cxd5 19. exd5 Rc8 20. Rac1 Qb6 21. d6 Bd8 22. Rd5 Qb7 23. Rdxc5 Bb6 24. Rxc8 Bxe3 25. Rxf8+ Kxf8 26. Bxe3 Ke8 27. Rc7 Qe4 28. Rxa7 Qb1+ 29. Kh2 Qxb2 30. d7+ Ke7 31. Bc5+ Ke6 32. d8Q Qxe5+ 33. g3 Qxc5 34. Qd7+ 1-0

[Event "Oberbayern Bezirksliga 1718"]
[Site "Germany"]
[Date "2017.11.26"]
[Round "3.5"]
[White "Szalewa, Sven"]
[Black "Kell, Stefan"]
[Result "1/2-1/2"]
[WhiteElo "2042"]
[BlackElo "1950"]
[PlyCount "73"]
[EventDate "2017.10.22"]
[EventType "team-tourn"]
[EventRounds "9"]
[EventCountry "GER"]
[SourceTitle "EXT 2019"]
[Source "ChessBase"]
[SourceDate "2018.10.10"]
[SourceVersion "1"]
[SourceVersionDate "2018.10.10"]
[SourceQuality "1"]
[WhiteTeam "Starnberg"]
[BlackTeam "Pang/Rosenheim II"]
[WhiteTeamCountry "GER"]
[BlackTeamCountry "GER"]

1. d4 Nf6 2. Bf4 e6 3. e3 c5 4. c3 d5 5. Nd2 Nc6 6. Ngf3 Bd6 7. Bg3 b6 8. Bb5 Bb7 9. Qa4 Qc7 10. Bxd6 Qxd6 11. Ne5 Rc8 12. Qxa7 Qc7 13. Ndf3 0-0 14. Bxc6 Bxc6 15. Qxc7 Rxc7 16. Nxc6 Rxc6 17. Ke2 cxd4 18. exd4 Ra8 19. Ne5 Rc7 20. f3 Ne8 21. Rhc1 Nf6 22. Nd3 Rca7 23. Nb4 Rc7 24. Rc2 Kf8 25. b3 Ra3 26. Kd2 Ke8 27. g4 Rca7 28. Re1 Kd7 29. h4 Ra8 30. Kc1 h5 31. Kb2 R8a7 32. Rg2 Ra8 33. Re5 hxg4 34. fxg4 R3a5 35. Re1 Rh8 36. h5 Raa8 37. Nd3 1/2-1/2

[Event "Oberbayern Bezirksliga 1718"]
[Site "Germany"]
[Date "2017.11.12"]
[Round "2.7"]
[White "Kell, Stefan"]
[Black "Pruell, Lukas"]
[Result "1-0"]
[WhiteElo "1950"]
[BlackElo "1939"]
[PlyCount "71"]
[EventDate "2017.10.22"]
[EventType "team-tourn"]
[EventRounds "9"]
[EventCountry "GER"]
[SourceTitle "EXT 2019"]
[Source "ChessBase"]
[SourceDate "2018.10.10"]
[SourceVersion "1"]
[SourceVersionDate "2018.10.10"]
[SourceQuality "1"]
[WhiteTeam "Pang/Rosenheim II"]
[BlackTeam "Freilassing"]
[WhiteTeamCountry "GER"]
[BlackTeamCountry "GER"]

1. d4 Nf6 2. c4 g6 3. Nc3 Bg7 4. e4 d6 5. h3 0-0 6. Be3 Na6 7. Nf3 e5 8. d5 Qe8 9. Be2 Bd7 10. Qc2 Nh5 11. g4 Nf4 12. 0-0-0 Nb4 13. Qd2 a5 14. Bxf4 exf4 15. Qxf4 Ba4 16. Rd2 Rb8 17. Qe3 Na6 18. Nd4 Nc5 19. f4 c6 20. Bf3 cxd5 21. cxd5 Qe7 22. Re1 Rfe8 23. Kb1 Qh4 24. Bg2 Bd7 25. Ncb5 Bxb5 26. Nxb5 Red8 27. Rc1 Na6 28. Rdc2 Qf6 29. g5 Qe7 30. Qb6 Nc5 31. Nxd6 Nd3 32. Nc8 Qf8 33. d6 Rbxc8 34. Rxc8 Rxc8 35. Rxc8 Qxc8 36. Qc7 1-0

[Event "Oberbayern Bezirksliga 1617"]
[Site "Germany"]
[Date "2017.02.19"]
[Round "6.7"]
[White "Rulik, Oliver"]
[Black "Kell, Stefan"]
[Result "1-0"]
[WhiteElo "1967"]
[BlackElo "1942"]
[PlyCount "99"]
[EventDate "2016.10.16"]
[EventType "team-tourn"]
[EventRounds "9"]
[EventCountry "GER"]
[SourceTitle "EXT 2019"]
[Source "ChessBase"]
[SourceDate "2018.10.10"]
[SourceVersion "1"]
[SourceVersionDate "2018.10.10"]
[SourceQuality "1"]
[WhiteTeam "Starnberg"]
[BlackTeam "Pang/Rosenheim"]
[WhiteTeamCountry "GER"]
[BlackTeamCountry "GER"]

1. g3 Nf6 2. Bg2 e6 3. Nc3 d5 4. d3 Be7 5. Bd2 c5 6. e4 Nc6 7. Nf3 d4 8. Ne2 e5 9. 0-0 Bg4 10. h3 Bd7 11. Ne1 Qc8 12. Kh2 h5 13. f4 h4 14. g4 exf4 15. Bxf4 g5 16. Bd2 Bxg4 17. Bxg5 Bd6+ 18. Bf4 Bxf4+ 19. Rxf4 Qc7 20. hxg4 Nxg4+ 21. Kh3 Ne3 22. Qd2 Qd7+ 23. Kh2 h3 24. Bf3 0-0-0 25. Qxe3 dxe3 26. Bg4 Qxg4 27. Rxg4 Ne5 28. Rg3 f5 29. exf5 Rdf8 30. Nf3 Rxf5 31. Neg1 Nxf3+ 32. Rxf3 Rxf3 33. Nxf3 Rf8 34. Kg3 h2 35. Rh1 Rg8+ 36. Kxh2 Rf8 37. Kg2 Rg8+ 38. Kf1 Rg3 39. Nh4 a5 40. a4 Rg4 41. b3 Rf4+ 42. Ke2 Rf2+ 43. Kxe3 Rxc2 44. Rb1 Kd7 45. Nf3 Kd6 46. Nd2 Kc6 47. Rh1 b6 48. Nc4 Rc3 49. Rh6+ Kc7 50. Rxb6 1-0

[Event "Oberbayern Bezirksliga 1617"]
[Site "Germany"]
[Date "2017.02.05"]
[Round "5.6"]
[White "Herrmann, Michael2222"]
[Black "Kell, Stefan"]
[Result "1-0"]
[WhiteElo "2056"]
[BlackElo "1942"]
[PlyCount "105"]
[EventDate "2016.10.16"]
[EventType "team-tourn"]
[EventRounds "9"]
[EventCountry "GER"]
[SourceTitle "EXT 2019"]
[Source "ChessBase"]
[SourceDate "2018.10.10"]
[SourceVersion "1"]
[SourceVersionDate "2018.10.10"]
[SourceQuality "1"]
[WhiteTeam "Freilassing"]
[BlackTeam "Pang/Rosenheim"]
[WhiteTeamCountry "GER"]
[BlackTeamCountry "GER"]

1. c4 e6 2. Nf3 Nf6 3. g3 d5 4. Bg2 Be7 5. 0-0 0-0 6. b3 c5 7. e3 Nc6 8. Qe2 d4 9. exd4 Nxd4 10. Nxd4 Qxd4 11. Nc3 Rd8 12. Rd1 e5 13. Re1 e4 14. Bxe4 Nxe4 15. Qxe4 Qxe4 16. Nxe4 Bf5 17. Bb2 Bf8 18. Bc3 h6 19. Kg2 Rd3 20. f3 Rad8 21. Re2 Bg6 22. Rae1 Bh5 23. Re3 R3d7 24. R1e2 Bg6 25. Nf2 f6 26. Nh3 Bb1 27. d3 Rxd3 28. Rxd3 Rxd3 29. Be1 Rd1 30. Nf4 Bxa2 31. Rxa2 Rxe1 32. Rxa7 Bd6 33. Rxb7 Bxf4 34. gxf4 Re2+ 35. Kg3 Rb2 36. f5 Kh7 37. Rc7 Rxb3 38. Rxc5 Rc3 39. Rc8 Rc2 40. c5 h5 41. c6 h4+ 42. Kh3 Kh6 43. Kg4 Rc4+ 44. f4 g5 45. fxg6 Kxg6 46. c7 Kg7 47. h3 Kh7 48. Kf5 Kg7 49. Ke6 Rc1 50. Re8 Re1+ 51. Kd7 Rd1+ 52. Kc8 Kf7 53. Rd8 1-0

[Event "Oberbayern Bezirksliga 1617"]
[Site "Germany"]
[Date "2017.01.15"]
[Round "4.4"]
[White "Muharemagic, Asim"]
[Black "Kell, Stefan"]
[Result "0-1"]
[WhiteElo "1954"]
[BlackElo "1942"]
[PlyCount "68"]
[EventDate "2016.10.16"]
[EventType "team-tourn"]
[EventRounds "9"]
[EventCountry "GER"]
[SourceTitle "EXT 2019"]
[Source "ChessBase"]
[SourceDate "2018.10.10"]
[SourceVersion "1"]
[SourceVersionDate "2018.10.10"]
[SourceQuality "1"]
[WhiteTeam "Ingolstadt"]
[BlackTeam "Pang/Rosenheim"]
[WhiteTeamCountry "GER"]
[BlackTeamCountry "GER"]

1. d4 Nf6 2. Bg5 e6 3. Nd2 h6 4. Bh4 d5 5. Ngf3 Be7 6. e3 Nbd7 7. Bd3 c5 8. c3 b6 9. 0-0 0-0 10. Ne5 Nxe5 11. dxe5 Nd7 12. Bxe7 Qxe7 13. f4 Bb7 14. Qh5 f5 15. g4 Qe8 16. Qh3 Qg6 17. Kf2 Nxe5 18. fxe5 fxg4+ 19. Ke2 Ba6 20. c4 Qxd3+ 21. Kxd3 gxh3 22. b3 dxc4+ 23. bxc4 Rad8+ 24. Kc3 Bb7 25. e4 g5 26. Rf6 Rxf6 27. exf6 Kf7 28. Rf1 g4 29. Rf4 h5 30. Nf1 e5 31. Rf5 Bxe4 32. Rxe5 Rd3+ 33. Kb2 Bg2 34. Ng3 Rxg3 0-1

[Event "Regionalliga SO 1112"]
[Site "Bayern"]
[Date "2011.12.11"]
[Round "4.7"]
[White "Kell, Stefan"]
[Black "Thome, Volker"]
[Result "0-1"]
[WhiteElo "1832"]
[BlackElo "1964"]
[PlyCount "58"]
[EventDate "2011.10.02"]
[EventType "team-tourn"]
[EventRounds "9"]
[EventCountry "GER"]
[SourceTitle "EXT 2013"]
[Source "ChessBase"]
[SourceDate "2012.11.22"]
[SourceVersion "1"]
[SourceVersionDate "2012.11.22"]
[SourceQuality "1"]
[WhiteTeam "Pang/Rosenheim II"]
[BlackTeam "Tegernsee"]
[WhiteTeamCountry "GER"]
[BlackTeamCountry "GER"]

1. d4 e6 2. c4 f5 3. Nc3 Nf6 4. g3 c6 5. Bg2 d5 6. Nf3 Bd6 7. c5 Bc7 8. Bg5 Nbd7 9. 0-0 0-0 10. b4 h6 11. Bxf6 Qxf6 12. e3 e5 13. dxe5 Nxe5 14. Nd4 Kh8 15. Rc1 g5 16. b5 f4 17. exf4 gxf4 18. bxc6 bxc6 19. Nxc6 f3 20. Nxe5 fxg2 21. Ng6+ Qxg6 22. Kxg2 Qf5 23. f3 Qh3+ 24. Kg1 Bxg3 25. Qd4+ Kh7 26. hxg3 Qxg3+ 27. Kh1 Qh3+ 28. Kg1 Qg3+ 29. Kh1 Rf4 0-1

[Event "Regionalliga SO 0001"]
[Site "Bayern"]
[Date "2001.02.18"]
[Round "6.4"]
[White "Schmaus, Horst"]
[Black "Kell, Stefan"]
[Result "0-1"]
[WhiteElo "1904"]
[BlackElo "1965"]
[PlyCount "66"]
[EventDate "2000.10.15"]
[EventType "team-tourn"]
[EventRounds "9"]
[EventCountry "GER"]
[SourceTitle "EXT 2020"]
[Source "ChessBase"]
[SourceDate "2019.10.17"]
[SourceVersion "1"]
[SourceVersionDate "2019.10.17"]
[SourceQuality "1"]
[WhiteTeam "Landshut"]
[BlackTeam "Pang/Rosenheim II"]
[WhiteTeamCountry "GER"]
[BlackTeamCountry "GER"]

1. e4 c6 2. d4 d5 3. exd5 cxd5 4. c4 Nf6 5. Nc3 e6 6. Nf3 Be7 7. c5 0-0 8. Bd3 Nc6 9. a3 b6 10. b4 Bb7 11. 0-0 a5 12. b5 Nxd4 13. Nxd4 bxc5 14. Nf3 Rc8 15. Bc2 Qc7 16. Re1 Rfd8 17. b6 Qxb6 18. Bf4 d4 19. Rb1 Qa6 20. Nb5 d3 21. Ba4 Nd5 22. Be5 c4 23. Nc3 Nxc3 24. Bxc3 Qa8 25. Rb5 Rd5 26. Rxd5 Bxd5 27. Ne5 Bxa3 28. Qh5 Qb7 29. Bd7 Rf8 30. Qg4 Qb3 31. Qd4 Bc5 32. Qxc5 Qxc3 33. Qe3 Qc2 0-1

[Event "Regionalliga SO 0001"]
[Site "Bayern"]
[Date "2000.10.15"]
[Round "1.6"]
[White "Wawra, Juergen"]
[Black "Kell, Stefan"]
[Result "1-0"]
[WhiteElo "2095"]
[BlackElo "1965"]
[PlyCount "35"]
[EventDate "2000.10.15"]
[EventType "team-tourn"]
[EventRounds "9"]
[EventCountry "GER"]
[SourceTitle "EXT 2020"]
[Source "ChessBase"]
[SourceDate "2019.10.17"]
[SourceVersion "1"]
[SourceVersionDate "2019.10.17"]
[SourceQuality "1"]
[WhiteTeam "Unterpfaff Germering"]
[BlackTeam "Pang/Rosenheim II"]
[WhiteTeamCountry "GER"]
[BlackTeamCountry "GER"]

1. c4 Nf6 2. Nc3 g6 3. g3 Bg7 4. Bg2 d6 5. d3 c6 6. e4 e5 7. Nge2 Nbd7 8. 0-0 0-0 9. Kh1 Re8 10. f4 Nc5 11. Be3 Ng4 12. Bg1 f5 13. h3 Nf6 14. fxe5 Nh5 15. exf5 gxf5 16. d4 Ne4 17. Nxe4 fxe4 18. g4 1-0

[Event "Regionalliga SO 9900"]
[Site "Bayern"]
[Date "2000.??.??"]
[Round "4.8"]
[White "Wagner, Hermann"]
[Black "Kell, Stefan"]
[Result "1-0"]
[WhiteElo "2376"]
[BlackElo "1965"]
[PlyCount "127"]
[EventDate "1999.??.??"]
[EventType "team-tourn"]
[EventRounds "9"]
[EventCountry "GER"]
[SourceTitle "EXT 2020"]
[Source "ChessBase"]
[SourceDate "2019.10.17"]
[SourceVersion "1"]
[SourceVersionDate "2019.10.17"]
[SourceQuality "1"]
[WhiteTeam "Landshut"]
[BlackTeam "Pang/Rosenheim II"]
[WhiteTeamCountry "GER"]
[BlackTeamCountry "GER"]

1. e4 c6 2. d4 d5 3. Nd2 Nd7 4. e5 e6 5. Bd3 c5 6. c3 Ne7 7. Ndf3 Nc6 8. Ne2 c4 9. Bb1 b5 10. 0-0 Be7 11. b3 Rb8 12. b4 a5 13. a3 Ra8 14. Bb2 Nb6 15. Bc2 Bb7 16. Ng3 g6 17. Qd2 Na4 18. Bxa4 bxa4 19. Qc2 Qb6 20. Rfb1 0-0 21. Bc1 axb4 22. axb4 Qb5 23. Ra2 Ra7 24. Rba1 Rfa8 25. Bg5 Bxg5 26. Nxg5 h6 27. Nf3 Ne7 28. h4 Bc6 29. h5 Kg7 30. Nh2 a3 31. Qc1 Qa4 32. hxg6 fxg6 33. Ng4 Ng8 34. Nf6 Qb3 35. Nxg8 Kxg8 36. Qxh6 Qxc3 37. Qxg6+ Kf8 38. Qxe6 Be8 39. Qd6+ Kg8 40. Qxd5+ Kh8 41. Ne4 Qxb4 42. e6 Ra5 43. Qd6 Qxd6 44. Nxd6 Rd5 45. Nxc4 Rxd4 46. Rxa3 Rxa3 47. Rxa3 Bh5 48. Rh3 Rxc4 49. Rxh5+ Kg8 50. Re5 Kf8 51. e7+ Ke8 52. Kh2 Ra4 53. Re2 Rb4 54. Kg3 Ra4 55. f4 Rb4 56. Kg4 Ra4 57. Kg5 Ra3 58. g4 Rg3 59. f5 Rg1 60. f6 Rf1 61. Ra2 Kf7 62. Ra8 Rf5+ 63. Kh4 Re5 64. e8Q+ 1-0

[Event "Regionalliga SO 9900"]
[Site "Bayern"]
[Date "1999.??.??"]
[Round "2.7"]
[White "Kell, Stefan"]
[Black "Roth, Peter2222"]
[Result "1/2-1/2"]
[WhiteElo "1965"]
[BlackElo "1960"]
[PlyCount "62"]
[EventDate "1999.??.??"]
[EventType "team-tourn"]
[EventRounds "9"]
[EventCountry "GER"]
[SourceTitle "EXT 2020"]
[Source "ChessBase"]
[SourceDate "2019.10.17"]
[SourceVersion "1"]
[SourceVersionDate "2019.10.17"]
[SourceQuality "1"]
[WhiteTeam "Pang/Rosenheim II"]
[BlackTeam "Deggendorf"]
[WhiteTeamCountry "GER"]
[BlackTeamCountry "GER"]

1. d4 c6 2. c4 d5 3. Nf3 e6 4. cxd5 cxd5 5. Nc3 Nc6 6. Bf4 a6 7. e3 f5 8. Ne5 Nf6 9. Be2 Be7 10. Bh5+ g6 11. Be2 Qa5 12. 0-0 0-0 13. Rc1 Nxe5 14. dxe5 Ne8 15. Bh6 Ng7 16. Qd4 Qd8 17. Na4 Bd7 18. Nb6 Rb8 19. Rc2 Bc6 20. Rfc1 f4 21. Bxg7 Kxg7 22. exf4 h5 23. a4 Rxf4 24. Qxf4 Qxb6 25. g4 Rf8 26. Qg3 h4 27. Qe3 Qxe3 28. fxe3 Bg5 29. Rc3 d4 30. exd4 Bxc1 31. Rxc1 Rf4 1/2-1/2

[Event "Regionalliga SO 9900"]
[Site "Bayern"]
[Date "1999.??.??"]
[Round "3.7"]
[White "Knollhuber, Peter"]
[Black "Kell, Stefan"]
[Result "0-1"]
[WhiteElo "1750"]
[BlackElo "1965"]
[PlyCount "72"]
[EventDate "1999.??.??"]
[EventType "team-tourn"]
[EventRounds "9"]
[EventCountry "GER"]
[SourceTitle "EXT 2020"]
[Source "ChessBase"]
[SourceDate "2019.10.17"]
[SourceVersion "1"]
[SourceVersionDate "2019.10.17"]
[SourceQuality "1"]
[WhiteTeam "Dorfen PSV"]
[BlackTeam "Pang/Rosenheim II"]
[WhiteTeamCountry "GER"]
[BlackTeamCountry "GER"]

1. d4 Nf6 2. Nf3 g6 3. c4 Bg7 4. Nc3 d6 5. e4 0-0 6. Be2 e5 7. 0-0 Nc6 8. d5 Ne7 9. Nd2 Nd7 10. a3 f5 11. b4 Nf6 12. f3 f4 13. c5 g5 14. Qc2 Ng6 15. a4 Rf7 16. Ba3 Bf8 17. Rfc1 h5 18. cxd6 cxd6 19. Nb5 Ne8 20. Nxa7 Qb6+ 21. Kh1 Qxa7 22. Nc4 g4 23. a5 Qf2 24. Nb6 Rc7 25. Qb2 Qh4 26. Bb5 g3 27. h3 Bxh3 28. gxh3 Qxh3+ 29. Kg1 Nh4 30. Rf1 g2 31. Nxa8 Rg7 32. Kf2 Qxf3+ 33. Ke1 Qe3+ 34. Kd1 gxf1Q+ 35. Bxf1 Rg1 36. Qe2 Qd4+ 0-1

[Event "Regionalliga SO 9899"]
[Site "Bayern"]
[Date "1998.??.??"]
[Round "1.8"]
[White "Kell, Stefan"]
[Black "Firlbeck, Hubert"]
[Result "0-1"]
[WhiteElo "1985"]
[BlackElo "1890"]
[PlyCount "82"]
[EventDate "1998.??.??"]
[EventType "team-tourn"]
[EventRounds "9"]
[EventCountry "GER"]
[SourceTitle "EXT 2020"]
[Source "ChessBase"]
[SourceDate "2019.10.17"]
[SourceVersion "1"]
[SourceVersionDate "2019.10.17"]
[SourceQuality "1"]
[WhiteTeam "Pang/Rosenheim II"]
[BlackTeam "Deggendorf"]
[WhiteTeamCountry "GER"]
[BlackTeamCountry "GER"]

1. d4 e6 2. Nf3 f5 3. g3 Nf6 4. Bg2 d5 5. 0-0 Bd6 6. Nbd2 0-0 7. c4 c6 8. b3 b6 9. Bb2 Bb7 10. Rc1 Nbd7 11. e3 Ne4 12. Nxe4 fxe4 13. Ne5 Nxe5 14. dxe5 Bc7 15. Bh3 Qe7 16. Qc2 Rac8 17. cxd5 cxd5 18. Qe2 Rf3 19. Bg4 Rf7 20. Rc2 Bb8 21. Rfc1 Rcf8 22. Qb5 Qe8 23. Qf1 Qe7 24. Qh3 Re8 25. a4 g6 26. Qf1 Qg5 27. Qh3 Qe7 28. Bd4 h5 29. Be2 Ref8 30. Bb5 Rf5 31. Bc6 Ba6 32. a5 Qf7 33. Qg2 Bxe5 34. Bxe5 Rxe5 35. axb6 axb6 36. Ra2 Bd3 37. Ra8 Rf5 38. Rxf8+ Kxf8 39. Ra1 Kg7 40. h4 Qc7 41. Be8 Rf8 0-1

[Event "Regionalliga SO 9899"]
[Site "Bayern"]
[Date "1998.??.??"]
[Round "3.7"]
[White "Lipok, Erik"]
[Black "Kell, Stefan"]
[Result "0-1"]
[WhiteElo "2025"]
[BlackElo "1985"]
[PlyCount "80"]
[EventDate "1998.??.??"]
[EventType "team-tourn"]
[EventRounds "9"]
[EventCountry "GER"]
[SourceTitle "EXT 2020"]
[Source "ChessBase"]
[SourceDate "2019.10.17"]
[SourceVersion "1"]
[SourceVersionDate "2019.10.17"]
[SourceQuality "1"]
[WhiteTeam "Waldkirchen TSV"]
[BlackTeam "Pang/Rosenheim II"]
[WhiteTeamCountry "GER"]
[BlackTeamCountry "GER"]

1. c4 e5 2. Nc3 Nc6 3. g3 g6 4. Bg2 Bg7 5. d3 Nge7 6. Bg5 h6 7. Bd2 d6 8. Nf3 Be6 9. 0-0 0-0 10. b4 d5 11. b5 Nd4 12. c5 Qd7 13. a4 c6 14. Rb1 Rac8 15. b6 a6 16. Nxd4 exd4 17. Na2 g5 18. Nb4 Ng6 19. Nc2 Qe7 20. Rb3 Rce8 21. Bb4 Bg4 22. f3 Bf5 23. Rf2 h5 24. Qa1 h4 25. Nxd4 hxg3 26. hxg3 Bd7 27. Bc3 f5 28. Nc2 Bxc3 29. Qxc3 f4 30. g4 Ne5 31. Bf1 Kf7 32. e3 fxe3 33. Nxe3 Kg6 34. Be2 Nxf3+ 35. Rxf3 Rxf3 36. Bxf3 Qxe3+ 37. Kg2 d4 38. Qa1 Rf8 39. Qf1 Bxg4 40. Be4+ Kg7 0-1